| 000 | 00337nam a2200133Ia 4500 | ||
|---|---|---|---|
| 005 | 20251222155049.0 | ||
| 008 | 251222s9999||||xx |||||||||||||| ||spa|| | ||
| 082 | _aEBA.104 | ||
| 100 | _aErnestina Aguirre Vidaurre | ||
| 245 | 0 | _aCómo ejecutar consejería de enfermería | |
| 250 | _a1ra. ed. | ||
| 264 | _bUruk Editores | ||
| 942 | _cLIB | ||
| 999 |
_c37194 _d37194 |
||